Najbardziej kultowe gry LEGO - Statystyki

Ogólne statystyki
  • Ten quiz został rozwiązany 611 razy
  • Średni wynik to 7 z 25
Statystyki odpowiedzi
Hint Odpowiedź % Poprawnych
2005, 2006, 2007 Star Wars
77%
2008 Batman
63%
2008 Indiana Jones
53%
2014 Hobbit
42%
2012 Batman 2
41%
2014 Batman 3
40%
2016 Avengers
39%
2013 Marvel Super Heroes
35%
2011 Piraci z Karaibów
33%
2012 Władca Pierścieni
29%
2017 Marvel Super Heroes 2
27%
2009 Indiana Jones 2
26%
2014 Lego Przygoda
26%
2017 Lego Ninjago
25%
2015 Jurassic World
23%
2010 Harry Potter 1-4
22%
2013 Lego City
22%
2011 Harry Potter 5-7
21%
2019 Lego Przygoda 2
19%
2018 Iniemamocni
18%
2022 Star Wars Skywalker saga
16%
2018 DC Super Villains
11%
2017 Lego Worlds
11%
2011 Star Wars Clone Wars
8%
2016 Star Wars Force Awakens
4%
Nie znaleziono quizów pasujących do podanych kryteriów
Rozkład punktacji
Procent ludzi z każdym wynikiem
Percentyl według liczby udzielonych odpowiedzi
Twoja historia wyników
Nie rozwiązałeś tego quizu